|
|
|
|
| LEADER |
00000nab a2200000 ar4500 |
| 001 |
vtls010067959 |
| 003 |
SK-MaSNL |
| 005 |
20260305005151.0 |
| 008 |
100223c1974 xo |r|p|||||||000 b|slo |
| 015 |
|
|
|a SNBRB1974
|
| 038 |
|
|
|a SNKBUCL
|
| 040 |
|
|
|a SNKBUCL
|b slo
|c SNKBUCL
|e AACR2
|
| 041 |
|
|
|a slo
|
| 044 |
|
|
|a xo
|c SK
|
| 080 |
|
|
|a 75.071.1:061.4
|2 2001
|
| 100 |
1 |
|
|a Barsi, Imre,
|d 1910-1996
|4 aut
|9 197347
|
| 245 |
1 |
0 |
|a Vincent Beneš életútja
|c Imre Barsi
|
| 300 |
|
|
|b Obr.
|
| 600 |
1 |
7 |
|a Beneš, Vincenc,
|d 1883-1979
|2 snkbucl
|9 55841
|
| 648 |
|
7 |
|a 1974
|2 snkbucl
|9 337786
|
| 650 |
0 |
7 |
|a výstavy
|2 SNKPH
|9 2780
|
| 651 |
|
7 |
|a Praha (Česko)
|2 snkbucl
|9 19313
|
| 773 |
0 |
|
|t Új Szó
|g (10.9.1974), s. 4
|
| 852 |
|
|
|a SNK
|b KIS3GCP
|
| 958 |
|
|
|a BC
|
| 958 |
|
|
|a CZ
|
| 999 |
|
|
|c 3239147
|d 3241077
|